000 01225nam a2200301 c 4500
700 1 _aГабровска, Дори Генадиева
_d1969 -
_eпрев. от англ.
_950364
999 _c415686
_d415686
003 BLK
005 20250721093554.0
008 210521b bul|||||r ||||||| ||bul||
020 _a9789542620204
040 _aBLK
041 _aBUL
_cBUL
072 7 _2bullib
_aН83
_xЧужда художествена литература Н
080 _aАмериканска литература (на САЩ)
_b821.111(73)
_x-9
_z821.111(73)-9
100 1 _aМейс, Франсис
_eпърви автор
_9333726
139 _aМейс, Франсис
_bМ 45
245 1 0 _aЩе се видим на пиацата
_bНови места, които ще открием в Италия
_cФрансис Мейс; прев. от англ. Дори Габровска
257 _aUSA
260 _aПловдив
_bХермес
_c2021
300 _a480 с.
_c21 см
380 _aX
500 _aОриг. загл. Bella Tuscany :See you in the piazza / Frances Mayes.
653 _aромани
856 4 _qpdf
856 4 _qpdf
942 _cKNG
_n0
_062
_s1
944 _k30535
_lХристина Везирева